| 000 | 01404cam a2200361 a 4500 | ||
|---|---|---|---|
| 001 | EDZ0000117215 | ||
| 003 | StDuBDS | ||
| 005 | 20161031105150.0 | ||
| 006 | m||||||||d|||||||| | ||
| 007 | cr ||||||||||| | ||
| 008 | 130111s2008 enka fo| 000|0|eng d | ||
| 020 |
_a9781446262634 (ebook) : _cNo price |
||
| 040 |
_aStDuBDS _beng _cStDuBDS _epn |
||
| 049 | _aAlfaisal Main Library | ||
| 050 | 0 |
_aHV58.7 _b.N484 2008 |
|
| 082 | 0 | 4 |
_a302.35 _223 |
| 245 | 0 | 0 |
_aNew directions in organizational behavior _h[electronic resource] / _cedited by Cary L. Cooper. |
| 260 |
_aLondon : _bSAGE, _c2008. |
||
| 300 |
_a1 online resource (4 v.) : _bill. |
||
| 490 | 1 | _aSAGE library in business and management | |
| 520 | 8 | _aThis four-volume set highlights the current studies and theories in the field of organisational behaviour reflecting the developments of the last 10 years. | |
| 521 | _aSpecialized. | ||
| 588 | _aDescription based on print version record. | ||
| 504 | _aIncludes bibliographical references. | ||
| 650 | 0 | _aOrganizational behavior. | |
| 655 | 7 |
_aElectronic books. _2local |
|
| 700 | 1 | _aCooper, Cary L. | |
| 710 | 2 | _aSage eBooks | |
| 776 | 0 | 8 |
_iPrint version : _z9781847872807 |
| 830 | 0 | _aSAGE library in business and management. | |
| 856 | 4 | 0 | _uhttp://ezproxy.alfaisal.edu/login?url=http://sk.sagepub.com/navigator/new-directions-in-organizational-behavior |
| 942 |
_2lcc _cEBOOKS |
||
| 999 |
_c480743 _d480743 |
||